Every Two Letter Combo - 5 Minute Sprint - Statistics

General Stats
  • This quiz has been taken 19 times
  • The average score is 230 of 676
Answer Stats
## % Correct
aa
87%
ad
87%
ae
87%
af
87%
as
87%
ab
80%
ac
80%
ag
80%
ah
80%
ai
80%
aj
80%
ap
80%
ay
80%
ak
73%
al
73%
ao
73%
aq
73%
ar
73%
aw
73%
az
73%
hh
73%
qw
73%
am
67%
an
67%
at
67%
au
67%
av
67%
ax
67%
fe
67%
dd
60%
du
60%
ee
60%
er
60%
eu
60%
fd
60%
fg
60%
fh
60%
gg
60%
hi
60%
hu
60%
ii
60%
ll
60%
lo
60%
oo
60%
pu
60%
qe
60%
qq
60%
tt
60%
bb
53%
dc
53%
de
53%
df
53%
dy
53%
eb
53%
en
53%
eo
53%
et
53%
ew
53%
ff
53%
fj
53%
fk
53%
fn
53%
fq
53%
fr
53%
fs
53%
fu
53%
fv
53%
fw
53%
he
53%
hs
53%
io
53%
jj
53%
kk
53%
ku
53%
lu
53%
mm
53%
oi
53%
op
53%
po
53%
qa
53%
qg
53%
qi
53%
qo
53%
qr
53%
qt
53%
qu
53%
rr
53%
ss
53%
uu
53%
yy
53%
cc
47%
da
47%
db
47%
dg
47%
dh
47%
di
47%
dj
47%
dk
47%
dl
47%
dm
47%
dn
47%
do
47%
dp
47%
dq
47%
dr
47%
ds
47%
dt
47%
dv
47%
dw
47%
dx
47%
dz
47%
ef
47%
eg
47%
eh
47%
ei
47%
ej
47%
ek
47%
el
47%
em
47%
ep
47%
ey
47%
fa
47%
fi
47%
fl
47%
fo
47%
fp
47%
ft
47%
fx
47%
fy
47%
fz
47%
ge
47%
gh
47%
gp
47%
gr
47%
gy
47%
ha
47%
hg
47%
ho
47%
hp
47%
ht
47%
ie
47%
iu
47%
ki
47%
ko
47%
ks
47%
kt
47%
ky
47%
la
47%
le
47%
li
47%
lq
47%
lr
47%
lt
47%
lw
47%
ly
47%
lz
47%
nn
47%
pa
47%
pe
47%
pi
47%
pp
47%
pr
47%
ps
47%
pt
47%
pv
47%
px
47%
py
47%
qd
47%
qf
47%
qh
47%
qj
47%
qk
47%
ql
47%
qp
47%
qy
47%
we
47%
wh
47%
ww
47%
ba
40%
bd
40%
bf
40%
bp
40%
br
40%
bv
40%
bz
40%
ce
40%
ea
40%
ec
40%
ed
40%
eq
40%
es
40%
ev
40%
ex
40%
ez
40%
fb
40%
fc
40%
fm
40%
ga
40%
gb
40%
gd
40%
gf
40%
gi
40%
gj
40%
gk
40%
gl
40%
gm
40%
gn
40%
go
40%
gq
40%
gs
40%
gt
40%
gu
40%
gv
40%
gw
40%
gx
40%
gz
40%
hd
40%
hf
40%
hl
40%
hn
40%
hr
40%
hy
40%
ia
40%
ic
40%
ik
40%
im
40%
is
40%
iw
40%
ja
40%
jd
40%
jo
40%
ju
40%
kn
40%
kp
40%
kq
40%
kr
40%
kv
40%
kw
40%
kx
40%
kz
40%
ld
40%
lf
40%
lg
40%
lh
40%
lj
40%
lk
40%
lm
40%
ln
40%
lp
40%
ls
40%
lv
40%
lx
40%
oa
40%
oe
40%
or
40%
ou
40%
ow
40%
pb
40%
pc
40%
pd
40%
pf
40%
pj
40%
pk
40%
pl
40%
pm
40%
pn
40%
pq
40%
pw
40%
pz
40%
qb
40%
qc
40%
qm
40%
qn
40%
qs
40%
qv
40%
qx
40%
qz
40%
so
40%
ti
40%
tr
40%
ty
40%
ui
40%
wo
40%
xx
40%
zz
40%
bc
33%
be
33%
bg
33%
bh
33%
bi
33%
bj
33%
bk
33%
bl
33%
bm
33%
bn
33%
bo
33%
bq
33%
bs
33%
bt
33%
bu
33%
bw
33%
bx
33%
by
33%
co
33%
cr
33%
ct
33%
cv
33%
cw
33%
cx
33%
gc
33%
hj
33%
hk
33%
hm
33%
hq
33%
hw
33%
hx
33%
ib
33%
id
33%
if
33%
ig
33%
ih
33%
ij
33%
il
33%
in
33%
ip
33%
iq
33%
ir
33%
it
33%
iv
33%
jb
33%
je
33%
ji
33%
jk
33%
jn
33%
jr
33%
jt
33%
jy
33%
ka
33%
kc
33%
ke
33%
kh
33%
kj
33%
km
33%
lb
33%
lc
33%
nm
33%
ob
33%
oc
33%
od
33%
of
33%
og
33%
oh
33%
oj
33%
ok
33%
ol
33%
om
33%
on
33%
oq
33%
os
33%
ot
33%
ov
33%
ox
33%
oy
33%
oz
33%
ra
33%
rf
33%
ri
33%
rt
33%
sa
33%
se
33%
si
33%
sq
33%
sr
33%
su
33%
sw
33%
ta
33%
te
33%
tg
33%
to
33%
ts
33%
tu
33%
vv
33%
wa
33%
wi
33%
wr
33%
wu
33%
xe
33%
ca
27%
cd
27%
cq
27%
cs
27%
cu
27%
cy
27%
cz
27%
hb
27%
hc
27%
hv
27%
hz
27%
ix
27%
iy
27%
iz
27%
jc
27%
jf
27%
jg
27%
jh
27%
jl
27%
jm
27%
jp
27%
jq
27%
js
27%
jv
27%
jx
27%
jz
27%
kb
27%
kd
27%
kf
27%
kg
27%
kl
27%
ma
27%
me
27%
mn
27%
mo
27%
mu
27%
na
27%
nh
27%
ni
27%
ns
27%
pg
27%
ph
27%
rb
27%
re
27%
ro
27%
ru
27%
ry
27%
sj
27%
sp
27%
st
27%
sy
27%
sz
27%
tb
27%
tc
27%
td
27%
tf
27%
th
27%
tj
27%
tk
27%
tl
27%
tm
27%
tn
27%
tp
27%
tq
27%
tv
27%
tw
27%
tx
27%
tz
27%
ua
27%
ud
27%
ue
27%
ut
27%
ux
27%
uy
27%
uz
27%
wb
27%
wc
27%
wd
27%
wf
27%
wg
27%
wj
27%
wk
27%
wl
27%
wm
27%
wn
27%
wp
27%
ws
27%
wt
27%
wv
27%
wx
27%
wy
27%
wz
27%
xa
27%
xc
27%
xd
27%
xh
27%
xi
27%
xo
27%
xs
27%
xu
27%
xy
27%
ye
27%
yt
27%
za
27%
zl
27%
cb
20%
cf
20%
cg
20%
ch
20%
ci
20%
cj
20%
ck
20%
cl
20%
cm
20%
cn
20%
cp
20%
jw
20%
mb
20%
mc
20%
mf
20%
mh
20%
mi
20%
mp
20%
mr
20%
mt
20%
mv
20%
mw
20%
mx
20%
my
20%
mz
20%
nd
20%
ne
20%
nf
20%
ng
20%
nj
20%
nk
20%
nl
20%
no
20%
nu
20%
ny
20%
rc
20%
rd
20%
rg
20%
rh
20%
rj
20%
rk
20%
rl
20%
rm
20%
rn
20%
rp
20%
rq
20%
rs
20%
rv
20%
rw
20%
rx
20%
rz
20%
sh
20%
sk
20%
sl
20%
sm
20%
sn
20%
sv
20%
sx
20%
ub
20%
uc
20%
uf
20%
ug
20%
uh
20%
uj
20%
um
20%
un
20%
uq
20%
ur
20%
us
20%
uv
20%
uw
20%
ve
20%
xf
20%
xg
20%
xj
20%
xk
20%
xl
20%
xp
20%
xr
20%
xz
20%
ya
20%
yq
20%
yr
20%
ys
20%
yu
20%
yw
20%
zh
20%
zi
20%
zj
20%
zk
20%
zo
20%
zp
20%
zt
20%
zu
20%
zx
20%
zy
20%
md
13%
mg
13%
mj
13%
ml
13%
mq
13%
ms
13%
nb
13%
nc
13%
np
13%
nq
13%
nr
13%
nt
13%
nv
13%
nw
13%
nx
13%
nz
13%
sd
13%
sf
13%
sg
13%
uk
13%
ul
13%
up
13%
va
13%
vb
13%
vf
13%
vu
13%
wq
13%
xb
13%
xm
13%
xn
13%
xt
13%
xv
13%
yb
13%
yc
13%
yd
13%
yf
13%
yg
13%
yh
13%
yi
13%
yj
13%
yk
13%
ym
13%
yn
13%
yo
13%
yp
13%
yv
13%
yx
13%
yz
13%
zb
13%
zc
13%
zd
13%
ze
13%
zf
13%
zg
13%
zm
13%
zn
13%
zq
13%
zr
13%
zs
13%
zv
13%
zw
13%
mk
7%
sb
7%
sc
7%
vc
7%
vd
7%
vi
7%
vn
7%
vo
7%
vp
7%
xq
7%
xw
7%
yl
7%
vg
0%
vh
0%
vj
0%
vk
0%
vl
0%
vm
0%
vq
0%
vr
0%
vs
0%
vt
0%
vw
0%
vx
0%
vy
0%
vz
0%
No matching quizzes found
Score Distribution
Percent of People with Each Score
Percentile by Number Answered
Your Score History
You have not taken this quiz